| 000 | 00587nam a22001815i 4500 | ||
|---|---|---|---|
| 001 | 54463 | ||
| 003 | ES-MaACL | ||
| 005 | 20250704063110.0 | ||
| 007 | t| | ||
| 008 | 960724q18901900fr ||||1| fre d | ||
| 040 |
_aCAM _bspa _cCAM |
||
| 100 | 1 |
_aFouillée, Alfred, _d1838-1912 _951939 |
|
| 245 | 1 | 3 |
_aLa conception morale et civique de l'enseignement / _cAlfred Fouillée. |
| 260 |
_aParis : _bEditions de la Revue Bleue, _c[189-?] ( _eTours : _fimprimerie Deslis fréres) |
||
| 300 |
_aVIII, 156, [3] p. ; _c22 cm. |
||
| 852 |
_aES-MaACL _jF-8361 |
||
| 999 |
_c54463 _d54463 |
||